Central Library OPAC University of Rajshahi

Service quality and visitors' satisfaction in heritage sites of Bangladesh : (Record no. 84485)

MARC details
000 -LEADER
fixed length control field 01087nam a2200253 a 4500
001 - CONTROL NUMBER
RUCL Control Number 84485
003 - CONTROL NUMBER IDENTIFIER
rucl marc code BD-RjUL
005 - DATE AND TIME OF LATEST TRANSACTION
control field 20241208181755.0
008 - FIXED-LENGTH DATA ELEMENTS--GENERAL INFORMATION
fixed length control field 241208s2022 bg a|||| m||| 00| 0 eng d
035 ## - SYSTEM CONTROL NUMBER
system control number (BD-RjUL)84485
040 ## - CATALOGING SOURCE
Original cataloging agency BD-RjUL
Language of cataloging eng
Transcribing agency BD-RjUL
Modifying agency BD-RjUL
041 ## - LANGUAGE CODE
Language code of Book eng
082 ## - DEWEY DECIMAL CLASSIFICATION NUMBER
DDC Edition number 23
Classification number 954.92
Author mark and Year KHS 2022
100 ## - MAIN ENTRY--PERSONAL NAME
Personal name Khatun, Mst. Taslima
9 (RLIN) 14622
245 10 - TITLE STATEMENT
Title Service quality and visitors' satisfaction in heritage sites of Bangladesh :
Remainder of title Relationship, performance, and policy measures /
Statement of responsibility, etc Researcher Mst. Taslima Khatun ;
Name of Supervisor/Co-Supervisor Supervisor : Md. Faridul Islam, Co-Supervisor : Md. Mahbubar Rahman
260 ## - PUBLICATION, DISTRIBUTION, ETC. (IMPRINT)
Place of publication, distribution, etc Rajshahi :
Name of publisher, distributor, etc Institute of Bangladesh Studies, University of Rajshahi,
Date of publication, distribution, etc 2022
300 ## - PHYSICAL DESCRIPTION
Pagination x, 141 leaves :
Other physical details ill, ;
Dimensions 29.cm.
502 ## - DISSERTATION NOTE
Dissertation note Thesis (M. Phil.) -- Institute of Bangladesh Studies, University of Rajshahi, 2022
504 ## - BIBLIOGRAPHY, ETC. NOTE
Bibliography, etc Bibliography : Leaves 123 - 131
650 ## - SUBJECT ADDED ENTRY--TOPICAL TERM
Topical term or geographic name as entry element Heritag
Form subdivision Historic sites
Geographic subdivision Bangladesh
9 (RLIN) 14623
700 ## - ADDED ENTRY--SUPERVISOR/CO-SUPERVISOR NAME
Personal name Islam, Md. Faridul, Supervisor
9 (RLIN) 14624
Personal name Rahman, Md. Mahbubar, Co-Supervisor
9 (RLIN) 14625
942 ## - ADDED ENTRY ELEMENTS (KOHA)
Source of classification or shelving scheme Dewey Decimal Classification
Koha item type Theses
Holdings
Source of classification or shelving scheme Damaged status Not for loan Collection code Permanent Location Current Location Shelving location Date of accession Source of acquisition Total Checkouts Full call number Barcode Date last seen Copy number Thesis
Dewey Decimal Classification   Not For Loan Theses Central Library, University of Rajshahi Central Library, University of Rajshahi Documentation Section 06/11/2024 Controller of Exam. R.U.   THE 954.92 KHS 2022 D4968 08/12/2024 C-1 Theses